日本の路面電車の路線名 - Statistics

General Stats
  • This quiz has been taken 6 times
    4 since last reset
  • The average score is 35 of 61
Answer Stats
事業者名 区間 路線名 % Correct
東急電鉄 三軒茶屋~下高井戸 世田谷線
100%
丸の内~安野屋 安野屋線
100%
富山駅~岩瀬浜 富山港線
100%
札幌市交通事業振興公社 西4丁目~西15丁目 一条線
67%
西15丁目~中央図書館前 山鼻西線
67%
中央図書館前~すすきの 山鼻線
67%
すすきの~西4丁目 都心線
67%
函館市企業局交通部 函館どつく前~函館駅前 本線
67%
十字街~谷地頭 宝来・谷地頭線
67%
東京都交通局 三ノ輪橋~早稲田 荒川線
67%
富山地方鉄道 南富山駅前~電鉄富山駅・エスタ前 本線
67%
電鉄富山駅・エスタ前~丸の内 支線
67%
六渡寺~越ノ潟 新湊港線
67%
豊橋鉄道 駅前~赤岩口、井原~運動公園前 東田本線
67%
福井鉄道 たけふ新~田原町、福井城址大名町~福井駅 福武線
67%
京阪電気鉄道 御陵~びわ湖浜大津 京津線
67%
石山寺~坂本比叡山口 石山坂本線
67%
北野白梅町~帷子ノ辻 北野線
67%
阪堺電気軌道 恵美須町~浜寺駅前 阪堺線
67%
岡山電気軌道 岡山駅前~東山・おかでんミュージアム 東山本線
67%
柳川~清輝橋 清輝橋線
67%
広島電鉄 広島駅~広電西広島(己斐) 本線
67%
紙屋町~広島港(宇品) 宇品線
67%
土橋~江波 江波線
67%
八丁堀~白島 白島線
67%
的場町~皆実町六丁目 皆実線
67%
十日市町~横川駅 横川線
67%
広電西広島(己斐)~広電宮島口 宮島線
67%
はりまや橋~伊野 伊野線
67%
はりまや橋~桟橋通五丁目 桟橋線
67%
はりまや橋~高知駅前 駅前線
67%
伊予鉄道 道後温泉~西堀端 城南線
67%
古町~西堀端 大手町線
67%
本町一丁目~本町六丁目 本町線
67%
古町~平和通一丁目 城北線
67%
長崎電気軌道 住吉~崇福寺 本線
67%
赤迫~住吉 赤迫支線
67%
西浜町~蛍茶屋 蛍茶屋支線
67%
熊本市交通局 熊本駅前~水道町 幹線
67%
水道町~水前寺公園 水前寺線
67%
水前寺公園~健軍町 健軍線
67%
辛島町~上熊本 上熊本線
67%
熊本駅前~田崎橋 田崎線
67%
鹿児島市交通局 武之橋~鹿児島駅前 第一期線
67%
高見馬場~鹿児島中央駅前 第二期線
67%
武之橋~谷山 谷山線
67%
松風町~湯の川 湯の川線
33%
安野屋~富山大学前 呉羽線
33%
丸の内~(西町交) 富山都心線
33%
(支線接続点)~富山駅 富山駅南北接続線
33%
万葉線 高岡駅~六渡寺 高岡軌道線
33%
京福電気鉄道 四条大宮~嵐山 嵐山本線
33%
天王寺駅前~住吉 上町線
33%
とさでん交通 後免町~はりまや橋 御免線
33%
平和通一丁目~上一万 連絡線
33%
長崎駅前~市役所 桜町支線
33%
鹿児島中央駅前~郡元 唐湊線
33%
函館駅前~松風町 大森線
0%
宇都宮ライトレール 宇都宮駅東口~芳賀・高根沢工業団地 宇都宮芳賀ライトレール線
0%
松山市駅~南堀端 花園線
0%
新地中華街~石橋 大浦支線
0%
No matching quizzes found
Score Distribution
Percent of People with Each Score
Percentile by Number Answered
Your Score History
You have not taken this quiz since the last reset